<?xml version="1.0" encoding="UTF-8"?>
<record
    xmlns:xsi="http://www.w3.org/2001/XMLSchema-instance"
    xsi:schemaLocation="http://www.loc.gov/MARC21/slim http://www.loc.gov/standards/marcxml/schema/MARC21slim.xsd"
    xmlns="http://www.loc.gov/MARC21/slim">

  <leader>01595nam0a2200385 i 4500</leader>
  <controlfield tag="001">RU\NLR\bibl\2061078</controlfield>
  <controlfield tag="005">20240921135336.0</controlfield>
  <datafield tag="010" ind1=" " ind2=" ">
    <subfield code="a">9785970426708</subfield>
    <subfield code="9">3000</subfield>
  </datafield>
  <datafield tag="021" ind1=" " ind2=" ">
    <subfield code="a">RU</subfield>
    <subfield code="b">2013-53942</subfield>
    <subfield code="9">3735</subfield>
  </datafield>
  <datafield tag="035" ind1=" " ind2=" ">
    <subfield code="a">(nilc)RuMoRGB-006605829</subfield>
  </datafield>
  <datafield tag="035" ind1=" " ind2=" ">
    <subfield code="a">(NLR Aleph) 002047816</subfield>
  </datafield>
  <datafield tag="090" ind1=" " ind2=" ">
    <subfield code="a">4627096</subfield>
    <subfield code="c">4627096</subfield>
  </datafield>
  <datafield tag="100" ind1=" " ind2=" ">
    <subfield code="a">20100628d2012    k  y0rusy50      ca</subfield>
  </datafield>
  <datafield tag="101" ind1="1" ind2=" ">
    <subfield code="a">rus</subfield>
    <subfield code="c">eng</subfield>
  </datafield>
  <datafield tag="102" ind1=" " ind2=" ">
    <subfield code="a">RU</subfield>
  </datafield>
  <datafield tag="105" ind1=" " ind2=" ">
    <subfield code="a">a   z   |||||</subfield>
  </datafield>
  <datafield tag="200" ind1="1" ind2=" ">
    <subfield code="a">&#x41E;&#x441;&#x442;&#x440;&#x44B;&#x439; &#x438;&#x43D;&#x441;&#x443;&#x43B;&#x44C;&#x442;</subfield>
    <subfield code="f">&#x41A;&#x435;&#x43D; &#x42E;&#x447;&#x438;&#x43D;&#x43E;, &#x414;&#x436;&#x435;&#x43D;&#x438;&#x444;&#x435;&#x440; &#x41F;&#x430;&#x440;&#x438;, &#x414;&#x436;&#x435;&#x439;&#x43C;&#x441; &#x413;&#x440;&#x43E;&#x442;&#x442;&#x430;</subfield>
    <subfield code="g">&#x43F;&#x435;&#x440;. &#x441; &#x430;&#x43D;&#x433;&#x43B;. &#x41A;.&#x412;. &#x428;&#x435;&#x445;&#x43E;&#x432;&#x446;&#x43E;&#x432;&#x43E;&#x439;</subfield>
  </datafield>
  <datafield tag="205" ind1=" " ind2=" ">
    <subfield code="a">2-&#x435; &#x438;&#x437;&#x434;.</subfield>
  </datafield>
  <datafield tag="210" ind1=" " ind2=" ">
    <subfield code="a">&#x41C;&#x43E;&#x441;&#x43A;&#x432;&#x430;</subfield>
    <subfield code="c">&#x413;&#x42D;&#x41E;&#x422;&#x410;&#x420;-&#x41C;&#x435;&#x434;&#x438;&#x430;</subfield>
    <subfield code="d">2012</subfield>
  </datafield>
  <datafield tag="215" ind1=" " ind2=" ">
    <subfield code="a">255 &#x441;.</subfield>
    <subfield code="c">&#x438;&#x43B;.</subfield>
    <subfield code="d">18</subfield>
  </datafield>
  <datafield tag="300" ind1=" " ind2=" ">
    <subfield code="a">&#x417;&#x430;&#x433;&#x43B;. &#x438; &#x430;&#x432;&#x442;. &#x43E;&#x440;&#x438;&#x433;.: Acute stroke care / Ken Uchino, Jennifer K. Pary, James C. Grotta</subfield>
  </datafield>
  <datafield tag="320" ind1=" " ind2=" ">
    <subfield code="a">&#x411;&#x438;&#x431;&#x43B;&#x438;&#x43E;&#x433;&#x440;.: &#x441;. 233-251 (158 &#x43D;&#x430;&#x437;&#x432;.)</subfield>
  </datafield>
  <datafield tag="320" ind1=" " ind2=" ">
    <subfield code="a">&#x41F;&#x440;&#x435;&#x434;&#x43C;. &#x443;&#x43A;&#x430;&#x437;.: &#x441;. 252-255</subfield>
  </datafield>
  <datafield tag="454" ind1=" " ind2="0">
    <subfield code="1">2001#$aAcute stroke care$fKen Uchino, Jennifer K. Pary, James C. Grotta</subfield>
    <subfield code="1">700#1$aUchino$bK.$gKen$4070</subfield>
    <subfield code="1">701#1$aPary$bJ. K.$gJennifer K.$4070</subfield>
    <subfield code="1">701#1$aGrotta$bJ. C.$gJames C.$4070</subfield>
    <subfield code="t">Acute stroke care</subfield>
    <subfield code="a">Uchino, Ken</subfield>
  </datafield>
  <datafield tag="606" ind1="1" ind2=" ">
    <subfield code="a">&#x418;&#x43D;&#x441;&#x443;&#x43B;&#x44C;&#x442;</subfield>
    <subfield code="9">941061</subfield>
    <subfield code="3">RU\NLR\auth\6629553</subfield>
  </datafield>
  <datafield tag="686" ind1=" " ind2=" ">
    <subfield code="a">&#x420;627.703.1</subfield>
  </datafield>
  <datafield tag="700" ind1=" " ind2="1">
    <subfield code="a">&#x42E;&#x447;&#x438;&#x43D;&#x43E;</subfield>
    <subfield code="b">&#x41A;.</subfield>
    <subfield code="g">&#x41A;&#x435;&#x43D;</subfield>
    <subfield code="4">070</subfield>
  </datafield>
  <datafield tag="701" ind1=" " ind2="1">
    <subfield code="a">&#x41F;&#x430;&#x440;&#x438;</subfield>
    <subfield code="b">&#x414;.</subfield>
    <subfield code="g">&#x414;&#x436;&#x435;&#x43D;&#x438;&#x444;&#x435;&#x440;</subfield>
    <subfield code="4">070</subfield>
  </datafield>
  <datafield tag="701" ind1=" " ind2="1">
    <subfield code="a">&#x413;&#x440;&#x43E;&#x442;&#x442;&#x430;</subfield>
    <subfield code="b">&#x414;.</subfield>
    <subfield code="g">&#x414;&#x436;&#x435;&#x439;&#x43C;&#x441;</subfield>
    <subfield code="4">070</subfield>
  </datafield>
  <datafield tag="801" ind1=" " ind2="0">
    <subfield code="a">RU</subfield>
    <subfield code="b">RuMoRKP</subfield>
    <subfield code="c">20100628</subfield>
    <subfield code="g">RCR</subfield>
  </datafield>
  <datafield tag="801" ind1=" " ind2="2">
    <subfield code="a">RU</subfield>
    <subfield code="b">&#x420;&#x413;&#x411;</subfield>
    <subfield code="c">20130715</subfield>
    <subfield code="g">rcr</subfield>
  </datafield>
  <datafield tag="801" ind1=" " ind2="1">
    <subfield code="a">RU</subfield>
    <subfield code="b">RuMoRKP</subfield>
    <subfield code="c">20100628</subfield>
    <subfield code="2">rusmarc</subfield>
  </datafield>
  <datafield tag="801" ind1=" " ind2="2">
    <subfield code="a">RU</subfield>
    <subfield code="b">NLR</subfield>
    <subfield code="c">20130808</subfield>
    <subfield code="g">rcr</subfield>
  </datafield>
  <datafield tag="942" ind1=" " ind2=" ">
    <subfield code="c">BOOK</subfield>
  </datafield>
  <datafield tag="980" ind1=" " ind2=" ">
    <subfield code="a">NBR</subfield>
  </datafield>
</record>
